000 00243nam a2200097Ia 4500
008 190216s9999||||xx |||||||||||||| ||und||
100 _aDr.Namboodiri K B M
245 0 _aMathematicstersan Visleshanam
260 _bKerala Basha Inst
942 _cBK
999 _c39789
_d39789